[Event "Avoine op 27th"]
[Site "Avoine"]
[Date "2012.07.21"]
[Round "1"]
[White "Gesing, Oliver"]
[Black "Gallois, Jerome"]
[Result "1-0"]
[WhiteElo "2165"]
[BlackElo "1972"]
[PlyCount "59"]
[EventDate "2012.07.21"]
[EventType "swiss"]
[EventRounds "9"]
[EventCountry "FRA"]
[SourceTitle "CBM 149 Extra"]
[Source "ChessBase"]
[SourceDate "2012.08.24"]
[SourceVersion "1"]
[SourceVersionDate "2012.08.24"]
[SourceQuality "1"]

1. e4 d5 2. exd5 Qxd5 3. Nc3 Qd6 4. Nf3 Nf6 5. d4 a6 6. h3 Nbd7 7. Bc4 b5 8. Bb3 Bb7 9. Be3 e6 10. 0-0 c5 11. dxc5 Qxd1 12. Rfxd1 Nxc5 13. Ne5 Nxb3 14. axb3 Rc8 15. Bb6 Be7 16. Rd4 Bc5 17. Bxc5 Rxc5 18. Nd3 Rc8 19. Nb4 Ke7 20. f3 Ra8 21. Ra5 Rhc8 22. Kf2 Nd7 23. Ne4 Bxe4 24. Rxe4 Nc5 25. Re1 Nb7 26. Raa1 Kf6 27. Re2 a5 28. Nd3 b4 29. Ne5 Nc5 30. Nc4 1-0

[Event "Avoine op 25th"]
[Site "Avoine"]
[Date "2010.07.24"]
[Round "8"]
[White "Pucher, Sebastien"]
[Black "Gallois, Jerome"]
[Result "1-0"]
[WhiteElo "2251"]
[BlackElo "2011"]
[PlyCount "93"]
[EventDate "2010.07.17"]
[EventType "swiss"]
[EventRounds "9"]
[EventCountry "FRA"]
[SourceTitle "EXT 2011"]
[Source "ChessBase"]
[SourceDate "2010.11.26"]
[SourceVersion "1"]
[SourceVersionDate "2010.11.26"]
[SourceQuality "1"]

1. e4 d5 2. exd5 Qxd5 3. Nc3 Qa5 4. d4 e5 5. Qh5 Nc6 6. Bb5 Bd7 7. Bxc6 Bxc6 8. d5 Bxd5 9. Qxe5+ Ne7 10. Bd2 0-0-0 11. Nxd5 Rxd5 12. Qe2 Qa4 13. b3 Qc6 14. c4 Qf6 15. Qd1 Rxd2 16. Qxd2 Nc6 17. Ke2 Bc5 18. Nh3 Rd8 19. Qc1 Re8+ 20. Kf1 Nb4 21. Rb1 Qf5 22. Qd1 Rd8 23. Qc1 Nd3 24. Qc2 Qf6 25. Rd1 Nb4 26. Rxd8+ Qxd8 27. Qf5+ Kb8 28. g3 Qe7 29. Kg2 g6 30. Qb1 a6 31. a3 Nc6 32. b4 Bd4 33. Re1 Qf6 34. Qd3 Bb2 35. Nf4 Ne5 36. Qb3 Bd4 37. Re2 c6 38. h4 Qf5 39. f3 h6 40. Qc2 Qf6 41. Re4 Bb6 42. Qe2 Bc7 43. Nd3 Nxd3 44. Qxd3 Qb2+ 45. Re2 Qc1 46. Re8+ Ka7 47. Qe3+ 1-0

[Event "Morbihan-ch 0910"]
[Site "Morbihan"]
[Date "2010.02.06"]
[Round "4.5"]
[White "Gallois, Jerome"]
[Black "Bremond, Edouard"]
[Result "1-0"]
[WhiteElo "2020"]
[BlackElo "1682"]
[PlyCount "49"]
[EventDate "2009.10.10"]
[EventType "swiss"]
[EventRounds "7"]
[EventCountry "FRA"]
[SourceTitle "EXT 2014"]
[Source "ChessBase"]
[SourceDate "2013.11.20"]
[SourceVersion "1"]
[SourceVersionDate "2013.11.20"]
[SourceQuality "1"]

1. e4 e6 2. d4 d5 3. Nd2 c5 4. Ngf3 Nc6 5. exd5 exd5 6. Nb3 c4 7. Nbd2 Nf6 8. c3 Bd6 9. Be2 0-0 10. 0-0 Bf5 11. Re1 Qc7 12. Nf1 h6 13. Nh4 Bh7 14. Bg4 Rfe8 15. Be3 Nxg4 16. Qxg4 Bd3 17. Bxh6 g6 18. f4 Kh7 19. Bg5 Be7 20. Ne3 Rad8 21. Nf3 Qb6 22. Qh4+ Kg8 23. Ng4 Qc7 24. Rxe7 Nxe7 25. Nf6+ 1-0

[Event "Avoine op 24th"]
[Site "Avoine"]
[Date "2009.07.18"]
[Round "1"]
[White "Doncea, Vladimir"]
[Black "Gallois, Jerome"]
[Result "1-0"]
[WhiteElo "2460"]
[BlackElo "2025"]
[PlyCount "47"]
[EventDate "2009.07.18"]
[EventType "swiss"]
[EventRounds "9"]
[EventCountry "FRA"]
[SourceTitle "CBM 131 Extra"]
[Source "ChessBase"]
[SourceDate "2009.09.03"]
[SourceVersion "2"]
[SourceVersionDate "2009.09.16"]
[SourceQuality "1"]

1. c4 Nf6 2. Nc3 e6 3. e4 d5 4. e5 d4 5. exf6 dxc3 6. bxc3 Qxf6 7. Nf3 c5 8. Bd3 Nc6 9. Be4 Bd6 10. d4 h6 11. 0-0 cxd4 12. cxd4 0-0 13. Rb1 Rd8 14. Bb2 Qe7 15. Qe2 Qc7 16. Ba1 Rb8 17. Rb5 b6 18. Rh5 Na5 19. Bd3 Bb7 20. Ne5 Rbc8 21. d5 exd5 22. Qg4 Kf8 23. Nxf7 d4 24. Nxh6 1-0

[Event "Avoine op 23rd"]
[Site "Avoine"]
[Date "2008.07.22"]
[Round "4"]
[White "Gallois, Jerome"]
[Black "Hartereau, Philippe"]
[Result "1/2-1/2"]
[WhiteElo "1985"]
[BlackElo "2245"]
[PlyCount "40"]
[EventDate "2008.07.19"]
[EventType "swiss"]
[EventRounds "9"]
[EventCountry "FRA"]
[SourceTitle "CBM 125 Extra"]
[Source "ChessBase"]
[SourceDate "2008.09.01"]
[SourceVersion "1"]
[SourceVersionDate "2008.09.01"]
[SourceQuality "1"]

1. Nc3 c5 2. Nf3 Nc6 3. e4 d6 4. d4 cxd4 5. Nxd4 Nf6 6. Be2 e5 7. Nb3 Be7 8. Be3 0-0 9. f3 a6 10. Qd2 b5 11. 0-0 Bb7 12. Rfd1 h6 13. a4 bxa4 14. Rxa4 Qc8 15. Nd5 Nxd5 16. exd5 Nd8 17. Bxh6 gxh6 18. Qxh6 f5 19. Qg6+ Kh8 20. Qh6+ Kg8 1/2-1/2

[Event "Avoine op 22nd"]
[Site "Avoine"]
[Date "2007.07.24"]
[Round "4"]
[White "Gallois, Jerome"]
[Black "Vingerhoets, Luc"]
[Result "1/2-1/2"]
[WhiteElo "1939"]
[BlackElo "2108"]
[PlyCount "46"]
[EventDate "2007.07.21"]
[EventType "swiss"]
[EventRounds "9"]
[EventCountry "FRA"]
[SourceTitle "EXT 2010"]
[Source "ChessBase"]
[SourceDate "2010.11.25"]
[SourceVersion "1"]
[SourceVersionDate "2010.11.25"]
[SourceQuality "1"]

1. Nc3 d6 2. d4 Nf6 3. e4 Nbd7 4. f4 e5 5. Nf3 exd4 6. Qxd4 c6 7. Be3 d5 8. exd5 Bc5 9. Qd2 Qe7 10. Nd4 Ng4 11. 0-0-0 Nxe3 12. Re1 0-0 13. Rxe3 Qf6 14. Rd3 Bb4 15. Nde2 Nb6 16. Qe3 Bf5 17. Rd1 cxd5 18. Nxd5 Nxd5 19. Rxd5 Rfc8 20. Nd4 Bxc2 21. Nxc2 Rxc2+ 22. Kxc2 Qc6+ 23. Kb1 Qxd5 1/2-1/2

[Event "Morbihan-ch 0607"]
[Site "Morbihan"]
[Date "2006.12.02"]
[Round "2"]
[White "Gallois, Jerome"]
[Black "Peyre, Thomas"]
[Result "0-1"]
[WhiteElo "2010"]
[BlackElo "1776"]
[PlyCount "74"]
[EventDate "2006.10.21"]
[EventType "swiss"]
[EventRounds "7"]
[EventCountry "FRA"]
[SourceTitle "EXT 2009"]
[Source "ChessBase"]
[SourceDate "2008.11.26"]
[SourceVersion "1"]
[SourceVersionDate "2008.11.26"]
[SourceQuality "1"]

1. e4 e6 2. d4 d5 3. Nd2 Nf6 4. e5 Nfd7 5. Bd3 c5 6. c3 Nc6 7. Ne2 f6 8. f4 fxe5 9. fxe5 cxd4 10. Nf4 Ndxe5 11. Qh5+ Kd7 12. 0-0 dxc3 13. Nb3 Bd6 14. Be3 b6 15. Nxe6 Qe8 16. Qh3 Be7 17. Bf5 Kd6 18. Rad1 Nb4 19. bxc3 g6 20. cxb4 gxf5 21. Rxd5+ Kxe6 22. Qxf5+ Kxd5 23. Rd1+ Kc6 24. Qe4+ Kc7 25. Qxe5+ Kb7 26. b5 a6 27. Qd5+ Ka7 28. Nd4 Bb7 29. Nc6+ Bxc6 30. bxc6 Bd8 31. Qb3 Qxc6 32. Qf7+ Kb8 33. Rc1 Qb7 34. Qe6 Bc7 35. a4 Rc8 36. a5 b5 37. Qd7 Bxa5 0-1

[Event "Hennebont Grand Prix"]
[Site "Hennebont"]
[Date "2006.08.06"]
[Round "4"]
[White "Chwal, Joseph"]
[Black "Gallois, Jerome"]
[Result "0-1"]
[WhiteElo "1610"]
[BlackElo "2040"]
[PlyCount "58"]
[EventDate "2006.08.05"]
[EventType "swiss"]
[EventRounds "7"]
[EventCountry "FRA"]
[SourceTitle "EXT 2007"]
[Source "ChessBase"]
[SourceDate "2006.11.23"]
[SourceVersion "1"]
[SourceVersionDate "2006.11.23"]
[SourceQuality "1"]

1. d4 d5 2. c4 e6 3. Nc3 Nf6 4. Bg5 c6 5. Nf3 dxc4 6. e3 b5 7. Be2 Bb7 8. 0-0 Nbd7 9. Ne4 Be7 10. Nxf6+ Nxf6 11. a4 a6 12. Qc2 Nd5 13. Bxe7 Qxe7 14. Nd2 Nb6 15. Bf3 0-0 16. b3 cxb3 17. Qxb3 Nxa4 18. Nc4 Rab8 19. Na5 Rfc8 20. Rfc1 Qc7 21. Nxc6 Bxc6 22. Rxc6 Qa7 23. Rac1 Rxc6 24. Rxc6 Nb6 25. Qb4 Nc4 26. d5 Ne5 27. dxe6 Nxc6 28. exf7+ Qxf7 29. Bxc6 Qc4 0-1

[Event "Hennebont Grand Prix"]
[Site "Hennebont"]
[Date "2006.08.05"]
[Round "1"]
[White "Gallois, Jerome"]
[Black "Cloarec, Audrey"]
[Result "1-0"]
[WhiteElo "2040"]
[BlackElo "1851"]
[PlyCount "51"]
[EventDate "2006.08.05"]
[EventType "swiss"]
[EventRounds "7"]
[EventCountry "FRA"]
[SourceTitle "EXT 2007"]
[Source "ChessBase"]
[SourceDate "2006.11.23"]
[SourceVersion "1"]
[SourceVersionDate "2006.11.23"]
[SourceQuality "1"]

1. e4 e5 2. Nc3 Nf6 3. f4 d6 4. Nf3 Nc6 5. Bb5 exf4 6. d4 Bd7 7. Bxf4 g6 8. 0-0 Bg7 9. Qd2 0-0 10. Bg5 Qe8 11. Rae1 Nh5 12. e5 dxe5 13. Bxc6 Bxc6 14. Nxe5 Bxe5 15. Rxe5 Qd7 16. Re7 Qg4 17. d5 Bd7 18. h3 Qc4 19. Rxd7 f6 20. Bh6 Rfe8 21. Qf2 g5 22. Kh2 Rad8 23. Rxd8 Rxd8 24. Bxg5 fxg5 25. Qf7+ Kh8 26. Re1 1-0